[Event "Harstad op"]
[Site "Harstad"]
[Date "2011.10.06"]
[Round "2"]
[White "Royset, Jon Kristian"]
[Black "Royset, Pal"]
[Result "1-0"]
[WhiteElo "2188"]
[BlackElo "2220"]
[PlyCount "155"]
[EventDate "2011.10.05"]
[EventType "swiss"]
[EventRounds "6"]
[EventCountry "NOR"]
[SourceTitle "EXT 2012"]
[Source "ChessBase"]
[SourceDate "2011.11.24"]
[SourceVersion "1"]
[SourceVersionDate "2011.11.24"]
[SourceQuality "1"]

1. d4 d5 2. c4 e6 3. Nc3 Be7 4. Nf3 Nf6 5. Bg5 h6 6. Bh4 0-0 7. e3 Ne4 8. Bxe7 Qxe7 9. Rc1 c6 10. Bd3 Nxc3 11. Rxc3 Nd7 12. cxd5 exd5 13. Qc2 Rd8 14. 0-0 Nf8 15. Rb1 Bd7 16. b4 a6 17. a4 Ne6 18. Ne5 Be8 19. f4 Nf8 20. b5 axb5 21. axb5 f6 22. Ng4 cxb5 23. Qd2 Bc6 24. h3 b4 25. Rcb3 Re8 26. Kf2 Ra3 27. Rxb4 Ne6 28. R4b3 Rea8 29. Bc2 Ra2 30. R3b2 R2a3 31. Rb3 Ra2 32. R1b2 Rxb2 33. Rxb2 Ra3 34. Bb1 Nf8 35. Nh2 Nd7 36. Nf1 Nf8 37. Qc2 Be8 38. Qc8 Bc6 39. f5 Qd6 40. Ba2 Kh7 41. Nd2 Nd7 42. Qd8 Qf8 43. Qc7 Qe8 44. Qf4 Qe7 45. Bb1 Ra1 46. Rb3 Qd8 47. Qd6 Qa5 48. Qb4 Qa7 49. Nf3 Qb8 50. g4 Ra4 51. Qe7 Qf8 52. Qe6 Qb8 53. h4 Ra6 54. g5 Ba4 55. g6+ Kh8 56. Rxb7 Rxe6 57. Rxb8+ Nxb8 58. fxe6 Nc6 59. e4 Ne7 60. exd5 Nxd5 61. Ba2 Nc3 62. d5 Nxa2 63. d6 Nb4 64. d7 Bxd7 65. exd7 Nc6 66. Nd4 Nd8 67. Nf5 Kg8 68. Ke2 h5 69. Kd2 Kf8 70. Kc2 Nc6 71. Kb2 Nd8 72. Ka3 Ne6 73. Kb4 Nd8 74. Kb5 Ne6 75. Kb6 Nd8 76. Kc7 Ne6+ 77. Kc8 Kg8 78. Nd4 1-0